[Event "Thessaloniki White Tower op-A 44th"]
[Site "Thessaloniki"]
[Date "2024.01.05"]
[Round "5"]
[White "Petridis, Dimitrios Panagioti"]
[Black "Toliopoulos, Konstantinos"]
[Result "0-1"]
[WhiteElo "1535"]
[BlackElo "1872"]
[PlyCount "58"]
[EventDate "2024.01.02"]
[EventType "swiss"]
[EventRounds "9"]
[EventCountry "GRE"]
[SourceTitle "CB02_2024"]
[SourceDate "2024.01.10"]
[SourceVersion "1"]
[SourceVersionDate "2024.01.10"]
[SourceQuality "1"]

1. e4 e5 2. Nf3 Nc6 3. Bc4 Bc5 4. c3 Nf6 5. d3 d6 6. a4 a6 7. 0-0 Ba7 8. Re1 0-0 9. h3 Be6 10. Bb3 Bxb3 11. Qxb3 Qd7 12. Nbd2 Nh5 13. Nf1 Kh8 14. d4 f5 15. dxe5 Nxe5 16. Nxe5 dxe5 17. Qd5 Bxf2+ 18. Kxf2 fxe4+ 19. Kg1 Qxd5 20. Be3 Rad8 21. a5 Nf4 22. b4 Nd3 23. Red1 Qc6 24. Nd2 Nb2 25. Rdc1 Nc4 26. Nxc4 Qxc4 27. Bc5 Rf7 28. Rd1 Rxd1+ 29. Rxd1 h6 0-1

[Event "Thessaloniki White Tower op-A 44th"]
[Site "Thessaloniki"]
[Date "2024.01.03"]
[Round "3"]
[White "Toliopoulos, Konstantinos"]
[Black "Kountrias, Kosmas Ioannis"]
[Result "1-0"]
[WhiteElo "1872"]
[BlackElo "1642"]
[PlyCount "107"]
[EventDate "2024.01.02"]
[EventType "swiss"]
[EventRounds "9"]
[EventCountry "GRE"]
[SourceTitle "CB02_2024"]
[SourceDate "2024.01.10"]
[SourceVersion "1"]
[SourceVersionDate "2024.01.10"]
[SourceQuality "1"]

1. d4 Nf6 2. Nf3 g6 3. Bf4 Bg7 4. c3 0-0 5. Nbd2 d6 6. e4 Nbd7 7. Be2 b6 8. h3 Bb7 9. e5 dxe5 10. dxe5 Nd5 11. Bh2 Nc5 12. 0-0 Ne6 13. Qc2 c5 14. Rad1 Qc7 15. Bd3 Ndf4 16. Be4 Rad8 17. Rfe1 Ba6 18. c4 Bxe5 19. Nxe5 Nd4 20. Qa4 Qxe5 21. Qxa6 Nde2+ 22. Kh1 Rxd2 23. Rxd2 Qxe4 24. Bxf4 Ng3+ 25. fxg3 Qxe1+ 26. Kh2 Kg7 27. Qa3 e5 28. Qe3 Qxe3 29. Bxe3 f5 30. Rd7+ Rf7 31. Rxf7+ Kxf7 32. Kg1 Kf6 33. h4 Ke6 34. Kf2 a6 35. Ke2 Kd6 36. Kd3 Kc6 37. Bh6 Kd6 38. Bf8+ Kd7 39. a3 a5 40. b3 Kc6 41. Bh6 Kd7 42. Kc3 Kc6 43. Be3 Kd7 44. b4 Kd6 45. bxc5+ bxc5 46. Kb3 Kc6 47. Ka4 Kb6 48. Bf2 f4 49. gxf4 exf4 50. Be1 h6 51. Bxa5+ Ka6 52. Bd8 Kb7 53. Kb5 Kc8 54. Bf6 1-0

[Event "Thessaloniki White Tower op-A 44th"]
[Site "Thessaloniki"]
[Date "2024.01.02"]
[Round "1"]
[White "Toliopoulos, Konstantinos"]
[Black "Patrelakis, Evaggelos"]
[Result "0-1"]
[WhiteElo "1872"]
[BlackElo "2425"]
[PlyCount "100"]
[EventDate "2024.01.02"]
[EventType "swiss"]
[EventRounds "9"]
[EventCountry "GRE"]
[SourceTitle "CB02_2024"]
[SourceDate "2024.01.10"]
[SourceVersion "1"]
[SourceVersionDate "2024.01.10"]
[SourceQuality "1"]

1. e4 c5 2. Nf3 e6 3. g3 Nc6 4. Bg2 Nf6 5. d3 d5 6. Qe2 Be7 7. e5 Nd7 8. c4 0-0 9. 0-0 Kh8 10. h4 f6 11. exf6 Nxf6 12. Nc3 Bd7 13. Bf4 a6 14. Rfe1 Qa5 15. Ne5 Nxe5 16. Bxe5 Rae8 17. Bh3 d4 18. Ne4 Nxe4 19. Qxe4 Bc6 20. Qg4 Bf6 21. Bg2 Bxg2 22. Kxg2 Qd8 23. f4 Qa5 24. Qe2 b5 25. cxb5 axb5 26. Bd6 Be7 27. Be5 Qa6 28. b3 Ra8 29. a4 bxa4 30. bxa4 Bf6 31. Qc2 Qc6+ 32. Kh2 Ra5 33. Ra2 h6 34. Bxf6 Rxf6 35. Re5 Rf5 36. Rxf5 exf5 37. Qc4 Qe8 38. Qd5 Qg8 39. Qxg8+ Kxg8 40. Rc2 Kf7 41. Ra2 Ke6 42. Kg2 Kd5 43. Kf2 Ra6 44. h5 c4 45. dxc4+ Kxc4 46. a5 d3 47. Ke1 g6 48. hxg6 Re6+ 49. Kd1 Rxg6 50. Ra4+ Kb5 0-1

[Event "GRE CupT 41st f/16"]
[Site "Greece"]
[Date "2023.06.18"]
[Round "1.5"]
[White "Merkos, Thomas"]
[Black "Toliopoulos, Konstantinos"]
[Result "1/2-1/2"]
[WhiteElo "1774"]
[BlackElo "1834"]
[PlyCount "95"]
[EventDate "2023.06.18"]
[EventType "team-k.o."]
[EventRounds "1"]
[EventCountry "GRE"]
[SourceTitle "EXT 2024"]
[Source "ChessBase"]
[SourceDate "2023.10.10"]
[SourceVersion "1"]
[SourceVersionDate "2023.10.10"]
[SourceQuality "1"]

1. e4 e5 2. Nf3 Nc6 3. d4 exd4 4. Bc4 Bc5 5. 0-0 Nf6 6. e5 d5 7. exf6 dxc4 8. fxg7 Rg8 9. Bg5 Qd6 10. Nbd2 Rxg7 11. Ne4 Qg6 12. Re1 Be7 13. Nh4 Qxg5 14. Nxg5 Rxg5 15. Nf3 Rd5 16. c3 d3 17. b3 Be6 18. Re4 cxb3 19. axb3 0-0-0 20. Nd2 Rg5 21. Nf3 Rgd5 22. Raa4 Bf6 23. Qd2 R5d7 24. c4 a6 25. h4 Nd4 26. Nxd4 Bxd4 27. Re1 Bg4 28. Ra2 Be2 29. Rxe2 dxe2 30. Qxe2 Rg8 31. Kh2 f6 32. g3 Rgd8 33. b4 c5 34. b5 axb5 35. cxb5 Kc7 36. Qe6 Rd6 37. Qe4 R8d7 38. h5 Rd5 39. Qe2 Re5 40. Qf3 Red5 41. Re2 Be5 42. Kh3 Rd2 43. Rxd2 Rxd2 44. Qf5 Rd7 45. f4 Bd4 46. Qe6 Rd6 47. Qe4 Rd7 48. Kg4 1/2-1/2

[Event "Thessaloniki White Tower op-B 43rd"]
[Site "Thessaloniki"]
[Date "2023.01.04"]
[Round "4"]
[White "Samakas, Stavros"]
[Black "Toliopoulos, Konstantinos"]
[Result "1/2-1/2"]
[WhiteElo "1875"]
[BlackElo "1794"]
[PlyCount "91"]
[EventDate "2023.01.02"]
[EventType "swiss"]
[EventRounds "9"]
[EventCountry "GRE"]
[SourceTitle "CBM 212 Extra"]
[Source "ChessBase"]
[SourceDate "2023.03.31"]
[SourceVersion "1"]
[SourceVersionDate "2023.03.31"]
[SourceQuality "1"]

1. e4 e6 2. c4 d5 3. exd5 exd5 4. cxd5 Nf6 5. Nc3 Nxd5 6. Bc4 Nb6 7. Bb3 Nc6 8. Nge2 Bc5 9. Ne4 Bd4 10. 0-0 0-0 11. Nxd4 Nxd4 12. d3 Be6 13. Bxe6 Nxe6 14. Be3 Nd5 15. Qb3 b6 16. Rad1 Qd7 17. Bd2 Kh8 18. f4 f5 19. Ng3 Rae8 20. Kh1 Nd4 21. Qc4 Ne2 22. Rf3 c5 23. Nf1 Nd4 24. Rf2 Qd6 25. a4 Nf6 26. h3 Nd5 27. Rb1 a5 28. Rd1 Re7 29. Re1 Rxe1 30. Bxe1 Re8 31. Bd2 h6 32. Ng3 Kh7 33. Qa6 Re6 34. Qc8 Ne7 35. Qb7 Qc6 36. Qb8 Nb3 37. Bc3 Qd6 38. Qf8 Nd4 39. Nh5 Rg6 40. Bxd4 cxd4 41. Re2 Nd5 42. Qxf5 Ne3 43. Qe4 Qc5 44. g4 Qc1+ 45. Kh2 Nf1+ 46. Kh1 1/2-1/2

[Event "Thessaloniki White Tower op-B 43rd"]
[Site "Thessaloniki"]
[Date "2023.01.03"]
[Round "2"]
[White "Balafoutas, Alexandros"]
[Black "Toliopoulos, Konstantinos"]
[Result "1/2-1/2"]
[WhiteElo "1433"]
[BlackElo "1794"]
[PlyCount "114"]
[EventDate "2023.01.02"]
[EventType "swiss"]
[EventRounds "9"]
[EventCountry "GRE"]
[SourceTitle "CBM 212 Extra"]
[Source "ChessBase"]
[SourceDate "2023.03.31"]
[SourceVersion "1"]
[SourceVersionDate "2023.03.31"]
[SourceQuality "1"]

1. e4 e5 2. Nf3 Nc6 3. Bb5 a6 4. Ba4 Nf6 5. d3 b5 6. Bb3 Be7 7. 0-0 0-0 8. h3 d5 9. exd5 Nxd5 10. Nbd2 Kh8 11. Re1 f6 12. Ne4 Na5 13. Bd2 Nxb3 14. axb3 c5 15. c4 Nb4 16. Bxb4 cxb4 17. cxb5 Qd5 18. Qc2 Qxb5 19. Qc7 Qd7 20. Rac1 Ra7 21. Qc4 Rd8 22. Nc5 Qb5 23. Na4 Bb7 24. Qc7 Qd7 25. Nb6 Qxc7 26. Rxc7 Bd6 27. Rc2 Bxf3 28. gxf3 Bc7 29. Nc4 Rxd3 30. Re3 Rd4 31. Nd2 h6 32. Re4 Bb6 33. Nc4 Rxe4 34. fxe4 Rc7 35. Rd2 Bd4 36. Kg2 g6 37. f3 Kg7 38. Kf1 f5 39. exf5 gxf5 40. f4 Kf6 41. Rd1 Rc5 42. Ke2 a5 43. Rd2 h5 44. Kf3 Ke7 45. fxe5 Bxe5 46. Nxe5 Rxe5 47. Kf4 Kf6 48. Rd6+ Re6 49. Rd5 Re4+ 50. Kf3 Re5 51. Rd6+ Kg5 52. Rd4 Rc5 53. h4+ Kf6 54. Kf4 Rc2 55. Rd6+ Ke7 56. Rd5 Rxb2 57. Rxa5 Rxb3 1/2-1/2

[Event "Thessaloniki op-B 1st"]
[Site "Thessaloniki"]
[Date "2022.08.07"]
[Round "6"]
[White "Pantoglou, Dimitrios"]
[Black "Toliopoulos, Konstantinos"]
[Result "1/2-1/2"]
[WhiteElo "1637"]
[BlackElo "1787"]
[PlyCount "92"]
[EventDate "2022.08.03"]
[EventType "swiss"]
[EventRounds "9"]
[EventCountry "GRE"]
[SourceTitle "EXT 2024"]
[Source "ChessBase"]
[SourceDate "2023.10.10"]
[SourceVersion "1"]
[SourceVersionDate "2023.10.10"]
[SourceQuality "1"]

1. d4 d5 2. c4 c6 3. Nc3 Nf6 4. Nf3 a6 5. a4 e6 6. Bg5 Qa5 7. Bxf6 gxf6 8. e3 Bb4 9. Qc2 f5 10. Be2 Nd7 11. 0-0 Nf6 12. c5 Qd8 13. Ne5 Ba5 14. f4 Ke7 15. Rf3 Bd7 16. Rh3 Rg8 17. Rb1 Rg7 18. Bf3 Ne4 19. b4 Bc7 20. Ne2 f6 21. Nxd7 Qxd7 22. Bxe4 fxe4 23. Rg3 Rg6 24. Qc3 Kf7 25. Qe1 Rag8 26. b5 axb5 27. axb5 cxb5 28. Qb4 Rxg3 29. hxg3 b6 30. cxb6 Bxb6 31. Qxb5 Qxb5 32. Rxb5 Rb8 33. f5 Bc7 34. Rxb8 Bxb8 35. g4 Ke7 36. Kf2 e5 37. Ke1 Kd6 38. Kd2 Ba7 39. Kc3 exd4+ 40. exd4 h6 41. Kb4 Kc6 42. Kc3 Kd6 43. Nf4 Bb6 44. Nh5 Ba5+ 45. Kc2 Bb6 46. Kc3 Ba5+ 1/2-1/2